000 00578nam a2200217Ia 4500
001 17999
003 GE_BSU
008 181216s||||||||xx |||||||||||||| ||und||
040 _cGE_BSU
080 _a821.353.1-32
100 _aლისაშვილი,ი.
245 _aკერპი
245 _cრედ. კ. ლორთქიფანიძე
260 _aთბილისი
260 _bნაკადული
260 _c1967
300 _a31 გვ. ; 16 სმ
653 _aკერპი
653 _aმოთხრობა
942 _cBK
999 _c51042
_d51042